NATO, Rusko a my

Bibliographic Details
Main Author: Minárik, Pavol (Author)
Format: Article
Language:Slovak
PhysicalDescription:Fotogr. 1
Subjects:

MARC

LEADER 00000nab a2200000 a 4500
001 vtls000610580
003 SK-MaSNL
005 20260426072527.0
008 201103c1997 xo 0 slo
015 |a SNBRB19rr/mm-uuuuu 
035 |a CL0610719 
040 |a SNKBUCL  |b slo  |c SNKBUCL  |e AACR2 
041 0 |a slo 
044 |a xo  |c SK 
080 |a 327.51(100):327(437.6)  |2 1981 
080 |a 327(437.6)  |2 1981 
080 |a 327(470)  |2 1981 
100 1 |a Minárik, Pavol  |4 aut  |9 716177 
245 1 0 |a NATO, Rusko a my  |c Pavol Minárik 
300 |b Fotogr. 1 
650 0 7 |a NATO  |2 snkbucl  |9 145807 
651 7 |a Slovensko  |2 SNKPHgeo  |9 14231 
651 7 |a Rusko  |2 snkbucl  |9 17250 
655 7 |a články z novín a časopisov  |2 snkbucl  |9 267496 
773 0 |t Pravda  |g Roč. 7, č. 19 (24. 1. 1997), s. 7 
850 |a Slovenská národná knižnica v Martine  |a MTA001 
852 |a SNK  |b KIS3GCP 
958 |a SK 
958 |a RK 
958 |a RBX 
999 |c 2689618  |d 2691548